000 00280nam a2200121Ia 4500
008 190216s9999||||xx |||||||||||||| ||und||
100 _aAlexandre Dumas
245 0 _aThree Musketeers
260 _bPublications Division
_c1997
300 _a150
650 _aEnglish
942 _cBK
999 _c13912
_d13912